Direktmarketing
Saved in:
| Main Author: | |
|---|---|
| Format: | Book |
| Language: | German |
| Published: |
München
Verlag Vahlen
2004
|
| Edition: | 2. vollst. überarb. und erw. Aufl. |
| Subjects: | |
| Tags: |
No Tags, Be the first to tag this record!
|
MARC
| LEADER | 00000nam$a2200000$$$4500 | ||
|---|---|---|---|
| 001 | 0035980 | ||
| 005 | 20240314090402.9 | ||
| 020 | |a 3-8006-3026-5 | ||
| 041 | 0 | |a ger | |
| 044 | |a DE | ||
| 245 | 1 | 0 | |a Direktmarketing |c Heinrich Holland |
| 250 | |a 2. vollst. überarb. und erw. Aufl. | ||
| 264 | 1 | |a München |b Verlag Vahlen |c 2004 | |
| 300 | |a 410 s. | ||
| 610 | 2 | 0 | |a marketing priamy |
| 610 | 2 | 0 | |a zákazníci |
| 610 | 2 | 0 | |a reklama |
| 610 | 2 | 0 | |a propagácia |
| 610 | 2 | 0 | |a médiá |
| 610 | 2 | 0 | |a plánovanie |
| 610 | 2 | 0 | |a testy |
| 610 | 2 | 0 | |a segmentácia trhu |
| 610 | 2 | 0 | |a báza dát |
| 610 | 2 | 0 | |a veľkoobchod |
| 610 | 2 | 0 | |a internet |
| 610 | 2 | 0 | |a správanie spotrebiteľa |
| 610 | 2 | 0 | |a spokojnosť zákazníkov |
| 610 | 2 | 0 | |a manažment |
| 610 | 2 | 0 | |a kampane reklamné |
| 610 | 2 | 0 | |a karty klubové |
| 610 | 2 | 0 | |a mailing |
| 610 | 2 | 0 | |a katalógy reklamné |
| 610 | 2 | 0 | |a štúdie prípadové |
| 100 | 1 | |a Holland, Heinrich | |